000 00522pam a2200217 i 4500
001 1810011
005 20180104045107.0
008 790801s1979 enk 001 0 eng
010 _a 79040699
015 _aGB79
020 _a019211560X :
_c£12.00
040 _aDLC
_cDLC
_dDLC
041 _aeng
080 _a808.882
082 0 0 _aR 808.882 OXF
100 _a39
101 _aREF
245 0 4 _aThe Oxford dictionary of quotations.
906 _a7
_bcbc
_corignew
_d1
_eocip
_f19
_gy-gencatlg
942 _2ddc
_cBK
999 _c39697
_d39697